MDQL
is popping MORE tags! Check the
thread
!
Quizzes
Events
Quiz Creation
Community
Videos
Private Events
Remove Ads
Sign In
Join for FREE
Feedback
Dark Mode
Quiz Categories
Sports
Geography
Music
Movies
Television
Just For Fun
Miscellaneous
History
Literature
Language
Science
Gaming
Entertainment
Religion
Holiday
For Kids
Quiz Lab
Recent
Popular Today
Quiz Kudos Today
Editor Picks
Curator Picks
Quizzes by...
Day
Popularity
Type
Ratings
Length
Year
Community
Subscriptions
Recent Discussions
Orange Saloon
Badges
Playlists
Quests
Create
Leaderboards
Showdown
Live 5
Trivia Bingo
Activity
Puzzle Library
Sporcle Events
Private Events
Virtual Trivia
Globe League
Become a Host
Pub Owners
SporcleCon
Opinionation
Our Games
Videos
Blog
Mobile Apps
Partnerships
Remove Ads and Go Orange
Feedback
Language
Vocabulary
Begins and Ends
Definition
Spanish
French
German
Italian
Chinese
Latin
Translation
Japanese
Language
Vocabulary
Begins and Ends
Definition
Spanish
French
German
Italian
Chinese
Latin
Translation
Japanese
Random Quiz
Search Sporcle
×
Quiz Lab
Quiz Lab
Language
Letter
Type in answers that appear in a list
Type in answers that appear in a list
Classic
Best Score? Go Orange.
Too Many 'O's Stats
Can you name all the scrabble words that have 'O' for at least half the letters of the word?
By
masterofwords
17m
205 Questions
43 Plays
43 Plays
43 Plays
Comments
Comments
Give Quiz Kudos
Give Quiz Kudos
-
- Ratings
hide this ad
Replay
Link that replays current quiz
Next Quiz
Link to next quiz in quiz playlist
You Got
0%
They Got
Avg Score
45%
Avg Friend Score
Upgrade to see
Score Distribution
Jump to the score distribution portion of the page
Score
0/205
Timer
17:00
0
Plays Today
Word with 'O's
% Correct
TO
93%
BO
90.7%
BOO
90.7%
NO
90.7%
POO
90.7%
SO
90.7%
LO
88.4%
LOO
88.4%
MO
88.4%
TOO
88.4%
GO
86%
MOO
86%
ZOO
86%
BOOM
83.7%
COO
83.7%
DO
83.7%
GOO
83.7%
HO
83.7%
NOO
83.7%
ON
83.7%
TOOL
81.4%
TOON
81.4%
WO
81.4%
WOO
81.4%
BOOS
79.1%
MOON
79.1%
BOOK
76.7%
BOON
76.7%
BOOT
76.7%
LOOT
76.7%
MOOS
76.7%
POOS
76.7%
SOON
76.7%
COOL
74.4%
HOOD
74.4%
HOOP
74.4%
LOOK
74.4%
LOOP
74.4%
LOOS
74.4%
OD
74.4%
POOL
74.4%
TOOT
74.4%
ZOOS
74.4%
GOOD
72.1%
NOON
72.1%
OF
72.1%
OR
72.1%
POOP
72.1%
SOOT
72.1%
BOOB
69.8%
BOOR
69.8%
COOP
69.8%
COOT
69.8%
FOOD
69.8%
HOOT
69.8%
MOOT
69.8%
ROOT
69.8%
YO
69.8%
COOK
67.4%
COON
67.4%
DOOR
67.4%
LOOM
67.4%
LOON
67.4%
MOOD
67.4%
MOOR
67.4%
OH
67.4%
POOR
67.4%
ROOM
67.4%
WOOD
67.4%
Word with 'O's
% Correct
COOS
65.1%
FOOL
65.1%
GOOF
65.1%
OM
65.1%
TOOK
65.1%
ZOOM
65.1%
DOOM
62.8%
HOOK
62.8%
OBOE
62.8%
GOON
60.5%
GOOS
60.5%
JO
60.5%
NOOK
60.5%
ROOF
60.5%
WOOL
60.5%
OW
58.1%
ROOK
58.1%
WOOF
58.1%
WOOS
58.1%
FOOT
55.8%
OOPS
55.8%
OP
55.8%
OS
55.8%
OX
55.8%
OY
55.8%
POON
55.8%
GOOP
53.5%
POOF
53.5%
SOLO
53.5%
DODO
51.2%
GOOK
51.2%
MONO
51.2%
OOZE
51.2%
POLO
51.2%
TOOM
51.2%
BOLO
48.8%
HOOF
48.8%
OHO
48.8%
ROOD
48.8%
LOCO
46.5%
ONO
46.5%
POOH
46.5%
BOZO
44.2%
HOBO
44.2%
LOOF
44.2%
MOOL
44.2%
OXO
44.2%
OI
41.9%
OOH
41.9%
ZOON
41.9%
BOOBOO
39.5%
GOGO
39.5%
POOD
39.5%
KOOK
37.2%
LOBO
37.2%
OLIO
37.2%
SHOO
37.2%
SOOK
37.2%
OE
34.9%
OTTO
34.9%
LOGO
32.6%
ODOR
32.6%
OOT
32.6%
COCO
30.2%
OLEO
30.2%
ONTO
30.2%
MOJO
27.9%
OOTS
27.9%
TORO
27.9%
Word with 'O's
% Correct
ORZO
25.6%
VOODOO
25.6%
HOMO
23.3%
BOYO
20.9%
COOF
20.9%
OOHS
20.9%
OOZY
20.9%
OUZO
20.9%
ROTO
20.9%
BOHO
18.6%
BOOBOOS
18.6%
BROO
18.6%
DOODOO
18.6%
COOCOO
16.3%
DOJO
16.3%
NOLO
16.3%
TOPO
16.3%
VOODOOS
16.3%
BONOBO
14%
BOOHOO
14%
COCOON
14%
VOODOOED
14%
DOODOOS
11.6%
HOODOO
11.6%
HOODOOS
11.6%
ONOS
11.6%
OOLONG
11.6%
POMO
11.6%
COHO
9.3%
COOKBOOK
9.3%
GOBO
9.3%
GOOGOL
9.3%
HOODOOED
9.3%
MOZO
9.3%
POCO
9.3%
BOOCOO
7%
BOOHOOED
7%
BOOHOOS
7%
KOTO
7%
BOOCOOS
4.7%
BOOKOO
4.7%
HOOPOE
4.7%
KOBO
4.7%
KOLO
4.7%
OBOL
4.7%
OOLOGY
4.7%
ORDO
4.7%
ROCOCO
4.7%
TOOLROOM
4.7%
BOOKOOS
2.3%
COCOBOLO
2.3%
DOLOROSO
2.3%
DOOWOP
2.3%
HOLLOO
2.3%
HOOPOO
2.3%
HOOPOOS
2.3%
KOODOO
2.3%
KOODOOS
2.3%
LOCOFOCO
2.3%
MOONROOF
2.3%
OCTOROON
2.3%
OLOROSO
2.3%
OLOROSOS
2.3%
OVOLO
2.3%
OVOLOS
2.3%
POOLROOM
2.3%
TOYO
2.3%
Quiz Playlist
Details
Report
Send in Message
Add To Playlist
Classic:
Type in answers that appear in a list
Quiz Source
Last Updated: Feb 16, 2017
Quiz Scoreboard
CHALLENGE
Sign Up to Join the Scoreboard
Show All
Scores
Hide
Comments
May contain spoilers
Recently Published
5x2 Blitz: Bands
by SL_Kpop136
Music
30s
Colored Red Africa Blitz
by spor1
Geography
30s
Find the 'City' Movie
by crazypaving
Movies
60s
More to Explore
Quiz From the Vault
Featured Blog Post
14 Easter Pick-up Lines to Find Eggs With
hide this ad
You Might Also Like...
Tags
Letter Quiz
Letter O
Scrabble
Structure Words
US Scrabble
Word Equations
Today's Top Quizzes in Language
Browse Language
hide this ad
Today's Top Quizzes in Letter
Browse Letter
Top Contributed Quizzes in Language
1
What Word Starts All?
2
Arabic Numerals
3
1-10 Letter F Words III
4
1-10 Letter G Words III
5
1-10 Letter H Words III
6
1-10 Letter I Words III
7
Latihan Huruf Hiragana KA KI KU KE KO
8
Weisst du, aus welchen Sprachen diese Wörter stammen?
9
1-10 Letter J Words III
10
1-10 Letter K Words III
Explore More
Trending Topics
NBA
Crossword
Harry Potter
Kpop
Disney
Marvel
Anime
Country
NFL
Soccer
Puzzle
Song
WWE
The Office
Pokémon
hide this ad
More By:
masterofwords
Quiz
Plays
Rating
Category
Featured
Created
Words made with Piano Keys
188
5.00
Language
May 6, 2016
4-Letter Words that Begin and End with Vowels
116
5.00
Language
May 16, 2016
All '-ING' Words (A-P)
105
4.60
Language
May 7, 2016
S P _ _ _
88
4.50
Language
May 9, 2016
All Words that Contain 'X'
84
5.00
Language
May 7, 2016
Go to Creator's Profile
Score Distribution
Quiz Creator Spotlight
masterofwords
Follow
Send a Message
Quizzes Created
-
Created Quiz Play Count
-
More By This Creator
Popular Quizzes Today
1
Colored Red Africa Blitz
2
Find the US States - No Outlines Minefield
3
Find the 'City' Movie
4
5x2 Blitz: Bands
5
The Countries of the World
6
Find the US States
7
US States
8
Find the Countries of Europe - No Outlines Minefield
More Language Quizzes
All Greek to Me! (IV)
Quiz Lab
Trending Quizzes
Colored Red Europe Blitz I
Colored Red Europe Blitz II
Colored Red Africa Blitz II
Colored Red Europe Blitz III
Colored Red Africa Blitz III
Recently Updated
How Do You Spell That?
pecheneg
Godzilla Movies
pecheneg
Grab Bag: 4-10 Letters
pecheneg
2024 March Madness Bracket
pecheneg
Famous TV Couples
Peacemaker
Champions League XIs: Real Madrid
pecheneg
Largest US Cities 1790-2010
pecheneg
Rides in Walt Disney World
pecheneg
Most Oscar Losses (Acting)
pecheneg
Beyoncé Albums
pecheneg
Trending Topics
Kpop
Crossword
Anime
Disney
Marvel
Harry Potter
NBA
Song
Puzzle
The Office
NFL
Country
Soccer
WWE
Pokémon
Your Account Isn't Verified!
In order to create a playlist on Sporcle, you need to verify the email address you used during registration. Go to your
Sporcle Settings
to finish the process.
Report this User
Report this user for behavior that violates our
Community Guidelines
.
Details:
Send Report
Go to the Sporcle.com Mobile Site →
Comments